College algebra / (Record no. 7432)
[ view plain ]
| 000 -LEADER | |
|---|---|
| fixed length control field | 01555nam a2200361 4500 |
| 001 - CONTROL NUMBER | |
| control field | 13718684 |
| 005 - DATE AND TIME OF LATEST TRANSACTION | |
| control field | 20150513152737.0 |
| 007 - PHYSICAL DESCRIPTION FIXED FIELD--GENERAL INFORMATION | |
| fixed length control field | 000 |
| 008 - FIXED-LENGTH DATA ELEMENTS--GENERAL INFORMATION | |
| fixed length control field | 000 |
| 010 ## - LIBRARY OF CONGRESS CONTROL NUMBER | |
| LC control number | 2004113501 |
| 020 ## - INTERNATIONAL STANDARD BOOK NUMBER | |
| International Standard Book Number | 0534998461 |
| International Standard Book Number | 053441866X (instructor's ed.) |
| International Standard Book Number | 0534494897 (iLrn tutorial passcode card) |
| 040 ## - CATALOGING SOURCE | |
| Original cataloging agency | UOEL |
| Transcribing agency | DLC |
| Modifying agency | DLC |
| 050 00 - LIBRARY OF CONGRESS CALL NUMBER | |
| Classification number | QA159.3 |
| Item number | .K28 2005 |
| 082 00 - DEWEY DECIMAL CLASSIFICATION NUMBER | |
| Classification number | 512.9 |
| Edition number | 22 |
| 100 1# - MAIN ENTRY--PERSONAL NAME | |
| Personal name | Kaufmann, Jerome E. |
| 245 10 - TITLE STATEMENT | |
| Title | College algebra / |
| Statement of responsibility, etc | John E. Kaufmann, Karen L. Schwitters |
| 250 ## - EDITION STATEMENT | |
| Edition statement | 6th ed |
| Remainder of edition statement | Jerome E. Kaufmann, Karen L. Schwitters. |
| 260 ## - PUBLICATION, DISTRIBUTION, ETC. (IMPRINT) | |
| Place of publication, distribution, etc | Belmont, CA : |
| Name of publisher, distributor, etc | Thomson Brooks/Cole, |
| Date of publication, distribution, etc | c2005. |
| 300 ## - PHYSICAL DESCRIPTION | |
| Extent | 1 v. (various pagings) : |
| Other physical details | ill. (some col.) ; |
| Dimensions | 25 cm. + |
| Accompanying material | 1 CD-ROM (4 3/4 in.) |
| 500 ## - GENERAL NOTE | |
| General note | iLrn tutorial passcode card tipped in. |
| General note | Includes index. |
| 538 ## - SYSTEM DETAILS NOTE | |
| System details note | System requirements for accompanying CD-ROM: Microsoft Windows and Macintosh machines. |
| 650 #0 - SUBJECT ADDED ENTRY--TOPICAL TERM | |
| Topical term or geographic name as entry element | Algebra |
| General subdivision | Mathematics |
| 700 1# - ADDED ENTRY--PERSONAL NAME | |
| Personal name | Schwitters, Karen L. |
| 856 42 - ELECTRONIC LOCATION AND ACCESS | |
| Materials specified | Contributor biographical information |
| Uniform Resource Identifier | <a href="http://www.loc.gov/catdir/enhancements/fy1103/2004113501-b.html">http://www.loc.gov/catdir/enhancements/fy1103/2004113501-b.html</a> |
| Materials specified | Publisher description |
| Uniform Resource Identifier | <a href="http://www.loc.gov/catdir/enhancements/fy1103/2004113501-d.html">http://www.loc.gov/catdir/enhancements/fy1103/2004113501-d.html</a> |
| Materials specified | Table of contents only |
| Uniform Resource Identifier | <a href="http://www.loc.gov/catdir/enhancements/fy1103/2004113501-t.html">http://www.loc.gov/catdir/enhancements/fy1103/2004113501-t.html</a> |
| 906 ## - LOCAL DATA ELEMENT F, LDF (RLIN) | |
| a | 7 |
| b | cbc |
| c | origcop |
| d | 3 |
| e | epcn |
| f | 20 |
| g | y-gencatlg |
| 942 ## - ADDED ENTRY ELEMENTS (KOHA) | |
| Source of classification or shelving scheme | Library of Congress Classification |
| Item type | Loan - Normal on open shelf |
| Withdrawn status | Lost status | Source of classification or shelving scheme | Damaged status | Not for loan | Home library | Current library | Shelving location | Date acquired | Total Checkouts | Full call number | Barcode | Date last seen | Date last borrowed | Copy number | Price effective from | Koha item type |
|---|---|---|---|---|---|---|---|---|---|---|---|---|---|---|---|---|
| Library of Congress Classification | UOE Main Library | UOE Main Library | Open shelf | 13/05/2015 | 4 | QA159.3 .K28 2005 | 20147573 | 27/04/2026 | 14/06/2016 | 20147573 | 13/05/2015 | Loan - Normal on open shelf |
